Southville International School and Colleges
Your cart is empty.
  • Cart
  • Lists
    Public lists Eva Luna New books Lux_list list_1
    Your lists Log in to create your own lists
  • Log in to your account
  • Your cookies
  • Search history
Southville International School and Colleges
  • Advanced search
  • Recent comments
  • Most popular
  • Libraries

Log in to your account

Log in with GOOGLE


If you do not have an external account, but do have a local account, you can still log in:

  1. Home
  2. MARC view: Hokusai :
Normal view MARC view ISBD view

Hokusai : (Record no. 2244)

[ view plain ]
MARC details
000 -LEADER
fixed length control field 00552nam a22001937a 4500
003 - CONTROL NUMBER IDENTIFIER
control field OSt
005 - DATE AND TIME OF LATEST TRANSACTION
control field 20140310181727.0
008 - FIXED-LENGTH DATA ELEMENTS--GENERAL INFORMATION
fixed length control field 130308t xxu||||| |||| 00| 0 eng d
020 ## - INTERNATIONAL STANDARD BOOK NUMBER
International Standard Book Number 0304318981
050 ## - LIBRARY OF CONGRESS CALL NUMBER
Classification number NE 1325.K3
Item number .M61989
082 ## - DEWEY DECIMAL CLASSIFICATION NUMBER
Classification number IB 769.924
Item number M83 1989
100 ## - MAIN ENTRY--PERSONAL NAME
Personal name Morse, Peter
245 ## - TITLE STATEMENT
Title Hokusai :
Remainder of title one hundred poets /
Statement of responsibility, etc Peter Morse.
260 ## - PUBLICATION, DISTRIBUTION, ETC. (IMPRINT)
Name of publisher, distributor, etc George Braziller, Inc., Publishers,
Date of publication, distribution, etc 1989.
Place of publication, distribution, etc New York :
300 ## - PHYSICAL DESCRIPTION
Extent 222 p. :
Other physical details ill. (some col.) ;
Dimensions 25 cm.
650 ## - SUBJECT ADDED ENTRY--TOPICAL TERM
Topical term or geographic name as entry element Hokusai, 1760-1849
942 ## - ADDED ENTRY ELEMENTS (KOHA)
Source of classification or shelving scheme Library of Congress Classification
Koha item type Books
Holdings
Withdrawn status Lost status Source of classification or shelving scheme Damaged status Home library Current library Shelving location Date acquired Total Checkouts Full call number Barcode Date last seen Copy number Price effective from Koha item type
    Library of Congress Classification   Luxembourg Library Luxembourg Library International Baccalaureate Section 03/08/2013   NE 1325 .M884 1989 15878 04/14/2016 1 10/03/2013 Books

Hokusai :

APA

Morse P., . (1989). Hokusai. New York: George Braziller, Inc., Publishers.

Chicago

Morse Peter, . 1989. Hokusai. New York: George Braziller, Inc., Publishers.

Harvard

Morse P., . (1989). Hokusai. New York: George Braziller, Inc., Publishers.

MLA

Morse Peter, . Hokusai. New York: George Braziller, Inc., Publishers. 1989.

  • Place hold
  • Print
  • Cite
  • Add to your cart (remove)
  • Save record
    BIBTEX Dublin Core MARCXML MARC (non-Unicode/MARC-8) MARC (Unicode/UTF-8) MARC (Unicode/UTF-8, Standard) MODS (XML) RIS
  • More searches
    Search for this title in:
    Other Libraries (WorldCat) Other Databases (Google Scholar) Online Stores (Bookfinder.com) Open Library (openlibrary.org)

Exporting to Dublin Core...

SOUTHVILLE LIBRARY

Southville International School and Colleges Library

1281 Tropical Ave. Cor. Luxembourg St., BF Homes International, Las Pinas City

Tel. No. 8256374 / 252358 Loc. 117/146

Powered by Koha